000 00285nam a2200121 a 4500
001 4140
005 20140414132029.0
008 090218s19uu xx 00 eng d
050 _aTR
_bL56 2006
100 _aStanley, Mandy
245 _aLettice :
_bthe birthday party.
999 _c113587
_d113587